Ponúkame riešenia, ktorým môžete dôverovať, avizuje firma Disig, a. s.

Oblasť poskytovania certifikačných služieb, ktoré poskytuje spoločnossť Disig, a. s., prostredníctvom vlastnej certifikáčnej autority a akreditovanej autority. Výhody vyplývajúce z elektronickej komunikácie.

Gespeichert in:
Bibliographische Detailangaben
1. Verfasser: Bobáň, Václav
Format: Buchkapitel
Sprache:Slowakisch
Schlagworte:
Tags: Tag hinzufügen
Keine Tags, Fügen Sie das erste Tag hinzu!

MARC

LEADER 00000naa a2200000 4500
001 0210142
005 20230912114529.5
041 0 |a slo 
044 |a SK 
245 1 0 |a Ponúkame riešenia, ktorým môžete dôverovať, avizuje firma Disig, a. s.  |c Václav Bobáň 
520 |a Oblasť poskytovania certifikačných služieb, ktoré poskytuje spoločnossť Disig, a. s., prostredníctvom vlastnej certifikáčnej autority a akreditovanej autority. Výhody vyplývajúce z elektronickej komunikácie. 
610 2 0 |a technológie informačné 
610 2 0 |a technológie komunikačné 
610 2 0 |a služby elektronické 
610 2 0 |a komunikácia elektronická 
610 2 0 |a podpis elektronický 
610 2 0 |a certifikáty 
610 2 0 |a certifikáty 
100 1 |a Bobáň, Václav